[Event "Challenge #02"]
[Site "http://www.queenalice.com/game.php?id=662974"]
[Date "2009.10.5"]
[Round "-"]
[White "JUANKATE"]
[Black "Aylton"]
[Result "1-0"]
[WhiteElo "1994"]
[BlackElo "1900"]

1. e4 c5 2. b4 e6 3. f4 cxb4 4. d4 d5 5. e5 Nc6 6. a3 bxa3 7. Bxa3 Bxa3 8. Nxa3
Qa5+ 9. Kf2 a6 10. Nb5 Qb6 11. Nd6+ Ke7 12. Nf3 h6 13. Rb1 Qc7 14. Qd3 f5 15.
Qa3 Kd7 16. Bd3 g5 17. fxg5 hxg5 18. Nxg5 Nxd4 19. Qa4+ Nc6 20. Nxf5 exf5 21.
Bxf5+ Ke8 22. Bg6+ Kf8 23. Nf7 Qxf7+ 24. Bxf7 Kxf7 25. Qf4+ Ke6 26. Rhf1 Nce7
27. Kg1 Kd7 28. e6+ Kc6 29. Rf3 b5 30. Rc3+ 1-0

[Event "Challenge #03"]
[Site "http://www.queenalice.com/game.php?id=663097"]
[Date "2009.10.5"]
[Round "-"]
[White "Aylton"]
[Black "JUANKATE"]
[Result "0-1"]
[WhiteElo "1887"]
[BlackElo "2061"]

1. f4 f5 2. Nf3 Nf6 3. d3 b6 4. e3 Bb7 5. Be2 e6 6. Nc3 Nc6 7. O-O d5 8. h3 Be7
9. a3 d4 10. exd4 Nxd4 11. Nxd4 Qxd4+ 12. Kh2 h5 13. Qe1 Ng4+ 14. Bxg4 hxg4 15.
Qf2 Qxf2 16. Rxf2 g3+ 17. Kxg3 Bh4+ 18. Kh2 Bxf2 19. Bd2 O-O-O 20. Rf1 Bd4 21.
Kg3 Rh6 22. b3 Rg6+ 0-1

[Event "Challenge #04"]
[Site "http://www.queenalice.com/game.php?id=663098"]
[Date "2009.10.5"]
[Round "-"]
[White "JUANKATE"]
[Black "Aylton"]
[Result "1/2-1/2"]
[WhiteElo "2073"]
[BlackElo "1887"]

1. e4 e6 2. d4 d5 3. e5 c5 4. f4 cxd4 5. Nf3 Nc6 6. Nxd4 Nge7 7. Be3 a6 8. Bd3
Nxd4 9. Bxd4 Nc6 10. c3 Be7 11. O-O g6 12. Nd2 Bd7 13. Nf3 Qc7 14. Qb3 O-O 15.
Bb6 Qc8 16. h4 h6 17. Qc2 Kg7 18. h5 Qe8 19. Kf2 Rc8 20. a3 gxh5 21. g4 hxg4 22.
Rg1 h5 23. f5 f6 24. Rxg4+ hxg4 25. Rg1 exf5 26. Bxf5 Bxf5 27. Qxf5 Qg6 28. Rxg4
1/2-1/2

[Event "Challenge #05"]
[Site "http://www.queenalice.com/game.php?id=664701"]
[Date "2009.10.8"]
[Round "-"]
[White "Aylton"]
[Black "JUANKATE"]
[Result "0-1"]
[WhiteElo "1976"]
[BlackElo "2074"]

1. c4 c5 2. Nc3 Nc6 3. Nf3 g6 4. e3 Bg7 5. d4 cxd4 6. exd4 Nf6 7. h3 O-O 8. Be3
Qb6 9. Qb3 Qxb3 10. axb3 Nb4 11. Kd2 a6 12. Be2 d5 13. c5 Bf5 14. g4 Bd7 15.
Rag1 Nc6 16. h4 Nxg4 17. Nxd5 Nxe3 18. fxe3 e6 19. Nb6 Rad8 20. Nxd7 Rxd7 21.
Kc3 e5 22. dxe5 Nxe5 23. Nxe5 Bxe5+ 24. Kc4 Bxb2 25. h5 Re8 26. Rg4 Rxe3 27. Bd1
Rc3+ 28. Kb4 Rc1 29. Bf3 Rc3 30. Be2 Re3 31. hxg6 hxg6 32. Bc4 Kg7 33. Rg2 Bc3+
34. Ka4 Re5 35. b4 Rd4 36. Kb3 Re3 37. Rc2 Bd2+ 38. Ka4 Ree4 39. Kb3 Re3+ 40.
Ka4 Ree4 41. Kb3 f5 42. Rd1 Be3 43. Rxd4 Rxd4 44. Kc3 f4 45. Re2 Rd1 46. Kc2
Rc1+ 47. Kd3 Rb1 48. Kc3 Kf6 49. Bd5 a5 50. Bxb7 axb4+ 51. Kc2 Rc1+ 52. Kb2 Rxc5
53. Kb3 Rb5 54. Bc6 Rb6 55. Bf3 Kf5 56. Rg2 g5 57. Rg4 Bd2 58. Rg2 Rd6 59. Bg4+
Ke4 60. Re2+ Kd3 61. Rf2 Ra6 62. Rf3+ Ke4 63. Rf2 Ra3+ 64. Kb2 Rg3 65. Bd1 Bc3+
66. Ka2 f3 67. Kb3 Be1 68. Rf1 f2+ 69. Kb2 Rg1 70. Be2 Ke3 71. Bb5 g4 0-1

[Event "Challenge #06"]
[Site "http://www.queenalice.com/game.php?id=664702"]
[Date "2009.10.8"]
[Round "-"]
[White "JUANKATE"]
[Black "Aylton"]
[Result "1/2-1/2"]
[WhiteElo "2089"]
[BlackElo "1976"]

1. e4 e6 2. d4 d5 3. Nd2 dxe4 4. Nxe4 Nf6 5. Bg5 Be7 6. Bd3 Nxe4 7. Bxe7 Qxe7 8.
Bxe4 Qb4+ 9. c3 Qxb2 10. Ne2 c6 11. O-O O-O 12. Qd3 g6 13. c4 Qb6 14. Rfb1 Qc7
15. h4 f5 16. Bf3 e5 17. dxe5 Qxe5 18. Re1 Qf6 19. Ng3 Qxh4 20. Re2 Qf6 21. Rae1
Nd7 22. Re7 Nb6 23. c5 Nd7 24. Rxd7 Bxd7 25. Qxd7 Rf7 26. Qd3 Rd8 27. Qb3 Kg7
28. Re6 Qd4 29. Qc2 Kg8 30. Nf1 a6 31. Ne3 f4 32. Ng4 Kg7 33. Ne5 Rf6 34. Re7+
Kf8 35. Qe2 Qd1+ 36. Qxd1 Rxd1+ 37. Bxd1 Kxe7 38. Kf1 Ke6 39. Nc4 Kd5 40. Nd6
Rxd6 41. cxd6 Kxd6 42. Ke2 g5 43. Kf3 b5 44. Ke4 c5 45. g4 fxg3 46. fxg3 Ke6 47.
Bg4+ Kd6 48. Be2 h6 49. a4 Kc6 50. axb5+ axb5 51. Bf3 b4 52. Kd3+ Kb5 53. Bd5 h5
54. Bc4+ Kb6 55. Bf7 h4 56. gxh4 gxh4 57. Be6 Kb5 58. Bd7+ Kb6 59. Kc4 Kc7 60.
Bh3 Kd6 61. Bg2 Ke5 62. Bh3 Kf4 63. Be6 Kg3 64. Kxc5 b3 65. Bxb3 1/2-1/2

[Event "Challenge #07"]
[Site "http://www.queenalice.com/game.php?id=665625"]
[Date "2009.10.11"]
[Round "-"]
[White "Aylton"]
[Black "JUANKATE"]
[Result "0-1"]
[WhiteElo "2008"]
[BlackElo "2094"]

1. d4 d5 2. Nf3 Bf5 3. e3 Nf6 4. c4 e6 5. Nc3 Bb4 6. Bd2 O-O 7. a3 Be7 8. Be2
Nbd7 9. O-O c6 10. h3 Qb6 11. Qc1 Ne4 12. Nxe4 dxe4 13. Ne1 e5 14. Nc2 c5 15. d5
Qg6 16. Kh2 Bh4 17. g4 Be6 18. dxe6 fxe6 19. Be1 Rf7 20. b4 Raf8 21. Kg2 h5 22.
Qd1 hxg4 23. hxg4 Rf3 24. Bxf3 exf3+ 25. Qxf3 Rxf3 26. Kxf3 Qxc2 27. bxc5 Qxc4
28. Bb4 Nf6 29. Rg1 e4+ 30. Kf4 Nd5+ 31. Ke5 Bf6+ 32. Kd6 Qa6+ 33. Kd7 Qc6# 0-1

[Event "Challenge #08"]
[Site "http://www.queenalice.com/game.php?id=665626"]
[Date "2009.10.11"]
[Round "-"]
[White "JUANKATE"]
[Black "Aylton"]
[Result "1-0"]
[WhiteElo "2107"]
[BlackElo "2008"]

1. e4 e5 2. f4 d6 3. Nf3 Nc6 4. Bc4 h6 5. d4 exd4 6. O-O Nf6 7. e5 dxe5 8. fxe5
Nd7 9. Ng5 hxg5 10. Bxf7+ Ke7 11. Bxg5+ Nf6 12. Rxf6 gxf6 13. Bxf6+ Kxf7 14.
Bxd8 Nxd8 15. Qf3+ Ke8 16. Nd2 Bg7 17. Qg3 Ne6 18. Rf1 Rf8 19. Qg6+ Ke7 20. Rxf8
Kxf8 21. h4 Bd7 22. Ne4 Ke7 23. h5 Rh8 24. Ng5 Nxg5 25. Qxg7+ Nf7 26. Qf6+ Ke8
27. e6 Bxe6 28. Qxe6+ Kf8 29. g4 c5 30. Qc8+ Kg7 31. Qxc5 Rd8 32. g5 b6 33. Qc7
Rd5 34. g6 Rg5+ 35. Kf2 Rf5+ 36. Kg3 Rg5+ 37. Kh4 1-0

[Event "Challenge #09"]
[Site "http://www.queenalice.com/game.php?id=666213"]
[Date "2009.10.12"]
[Round "-"]
[White "Aylton"]
[Black "JUANKATE"]
[Result "1-0"]
[WhiteElo "1967"]
[BlackElo "2120"]

1. d4 Nf6 2. Nf3 d5 3. e3 Bf5 4. c4 c6 5. a3 e6 6. Nc3 Bd6 7. Bd3 Ne4 8. Bxe4
dxe4 9. Nd2 Qg5 10. g3 Bg4 11. h4 Qxe3+ 12. fxe3 Bxg3+ 13. Kf1 Bxd1 14. Nxd1 f5
15. Kg2 Bd6 16. c5 Be7 17. b4 a6 18. Bb2 Nd7 19. Kg3 Nf6 20. Nc4 Nd5 21. Nc3 O-O
22. Nxd5 exd5 23. Nb6 Rad8 24. Kf4 h5 25. Rag1 Kh7 26. Bc1 g6 27. Kg3 Rf7 28.
Kf2 Rg7 29. Bd2 Bf6 30. a4 Re8 31. b5 f4 32. exf4 Bxd4+ 33. Be3 Bc3 34. bxa6
bxa6 35. Rd1 Rd8 36. Bd4 Bxd4+ 37. Rxd4 Rf7 38. Ke3 Rdf8 39. Rf1 Kg7 40. a5 Kf6
41. Nxd5+ cxd5 42. Rxd5 Re7 43. Rd6+ Re6 44. Rxe6+ Kxe6 45. Kxe4 Rf5 46. Rc1 Kd7
47. Rg1 Rf6 48. Ke5 1-0

[Event "Challenge #10"]
[Site "http://www.queenalice.com/game.php?id=666214"]
[Date "2009.10.12"]
[Round "-"]
[White "JUANKATE"]
[Black "Aylton"]
[Result "1/2-1/2"]
[WhiteElo "2125"]
[BlackElo "1973"]

1. e4 e5 2. Nf3 Nc6 3. Bc4 Bc5 4. d4 Bxd4 5. c3 Bb6 6. Qb3 Qe7 7. Bg5 f6 8. Bxg8
fxg5 9. Nxg5 h6 10. Nf3 d6 11. O-O Na5 12. Qb5+ Bd7 13. Qd5 c6 14. Qd3 Rxg8 15.
b4 c5 16. bxa5 Bxa5 17. Rd1 Bc7 18. Na3 O-O-O 19. Rab1 Bc6 20. Nb5 Bxb5 21. Rxb5
a6 22. Rb2 g5 23. Rdb1 Bb8 24. Qd5 Rg7 25. Nd2 Rd7 26. Rb6 Qf7 27. Qxf7 Rgxf7
28. Nc4 Rf6 29. Nxe5 Re7 30. Ng4 Rfe6 31. f3 Ba7 32. R6b2 b5 33. Rd2 Kc7 34. Kf2
Kc6 35. Ne3 c4 36. Ke2 Bxe3 37. Kxe3 Re5 38. Rbd1 R7e6 39. a4 Kc5 40. axb5 axb5
41. Rb2 Kc6 42. Ra1 Kb6 43. Rd1 Kc5 44. Rdb1 Kc6 45. Rd1 1/2-1/2

[Event "Challenge"]
[Site "http://www.queenalice.com/game.php?id=666325"]
[Date "2009.10.12"]
[Round "-"]
[White "Ludus"]
[Black "JUANKATE"]
[Result "1-0"]
[WhiteElo "2176"]
[BlackElo "2114"]

1. e4 e5 2. Nf3 Nc6 3. Bb5 a6 4. Ba4 Nf6 5. O-O b5 6. Bb3 Bc5 7. c3 O-O 8. d4
exd4 9. cxd4 Bb6 10. e5 Ne8 11. Bg5 Ne7 12. Nc3 c6 13. Qe2 Nc7 14. Qe4 Ne6 15.
Bc2 Nxg5 16. Nxg5 Ng6 17. Qg4 Bxd4 18. Nxh7 Bxc3 19. Nxf8 Nxe5 20. Qh5 Bxb2 21.
Rae1 Kxf8 22. f4 d5 23. fxe5 Be6 24. Bf5 Bd4+ 25. Kh1 1-0

[Event "Challenge"]
[Site "http://www.queenalice.com/game.php?id=666429"]
[Date "2009.10.12"]
[Round "-"]
[White "JUANKATE"]
[Black "MarcD"]
[Result "0-1"]
[WhiteElo "2087"]
[BlackElo "2142"]

1. e4 c5 2. b4 cxb4 3. a3 b3 4. cxb3 Nc6 5. d4 d6 6. Nf3 Bd7 7. b4 a6 8. Bb2 Nf6
9. d5 Na7 10. Bd3 g6 11. O-O Bg7 12. Nbd2 O-O 13. Rc1 Rc8 14. Nc4 Bg4 15. h3
Bxf3 16. Qxf3 Nd7 17. Bxg7 Kxg7 18. h4 h5 19. g4 hxg4 20. Qxg4 Nf6 21. Qg3 Rh8
22. Ne3 Rc7 23. Nf5+ Kf8 24. Nd4 Qc8 25. Rxc7 Qxc7 26. Qe3 Nc8 27. Rc1 Qd7 28.
Qg3 Nb6 29. b5 a5 30. f4 Nh5 31. Qg5 Qh3 32. Rc7 Qe3+ 33. Kh2 Qf2+ 34. Qg2 Qxd4
0-1

[Event "Challenge"]
[Site "http://www.queenalice.com/game.php?id=666430"]
[Date "2009.10.12"]
[Round "-"]
[White "MarcD"]
[Black "JUANKATE"]
[Result "1-0"]
[WhiteElo "2152"]
[BlackElo "2073"]

1. d4 Nf6 2. Nf3 e6 3. Bf4 b6 4. e3 Bb7 5. Bd3 c5 6. c3 Nc6 7. Nbd2 d5 8. h3 Bd6
9. Bxd6 Qxd6 10. a3 c4 11. Bc2 O-O 12. O-O Rae8 13. e4 Nd7 14. e5 Qe7 15. Nh2 f5
16. exf6 Nxf6 17. Re1 e5 18. dxe5 Nxe5 19. Ndf3 Nfd7 20. Qd4 Qd6 21. Rad1 Ng6
22. Qxc4 Nde5 23. Qd4 Rf4 24. Qd2 Ref8 25. Bxg6 Nxg6 26. Re3 Nh4 27. Qe2 d4 28.
Rxd4 Rxd4 29. cxd4 Nxf3+ 30. Nxf3 Bxf3 31. Rxf3 Rxf3 32. Qxf3 Qxd4 33. Qa8+ Kf7
34. Qxa7+ Kg6 35. Qe7 Qxb2 36. g4 1-0

[Event "Challenge #11"]
[Site "http://www.queenalice.com/game.php?id=672730"]
[Date "2009.10.26"]
[Round "-"]
[White "Aylton"]
[Black "JUANKATE"]
[Result "0-1"]
[WhiteElo "2041"]
[BlackElo "2104"]

1. d4 d5 2. Nf3 Bf5 3. e3 Nf6 4. c4 e6 5. Nc3 Bb4 6. Bd2 O-O 7. a3 Bxc3 8. Bxc3
Nbd7 9. Bd3 Ne4 10. Bxe4 dxe4 11. Nd2 Qg5 12. g3 Bg4 13. Qc2 f5 14. h4 Qh5 15.
O-O Bf3 16. Nxf3 exf3 17. Qd1 Nf6 18. b4 Ne4 19. Bb2 Qg4 20. Kh2 g5 21. hxg5
Nxg5 22. Rh1 Qh3+ 0-1

[Event "Challenge #12"]
[Site "http://www.queenalice.com/game.php?id=672731"]
[Date "2009.10.26"]
[Round "-"]
[White "JUANKATE"]
[Black "Aylton"]
[Result "1/2-1/2"]
[WhiteElo "2091"]
[BlackElo "1953"]

1. e4 e6 2. d4 d5 3. Nd2 Nf6 4. e5 Nfd7 5. f4 c5 6. c3 a6 7. Ngf3 Nc6 8. Bd3 Be7
9. Qc2 h6 10. O-O c4 11. Bh7 b5 12. f5 Rxh7 13. f6 g6 14. fxe7 Nxe7 15. a4 Bb7
16. h4 Nf5 17. Nb1 Nxh4 18. Na3 Nxf3+ 19. Rxf3 Bc6 20. Rh3 h5 21. g4 h4 22. Qf2
bxa4 23. Be3 Qe7 24. g5 O-O-O 25. Rxh4 Rdh8 26. Rxh7 Rxh7 27. Rf1 Kb7 28. Nc2 a5
29. Bc1 Ka6 30. Ne3 Qxg5+ 31. Ng2 Qh5 32. Qg3 Nb6 33. Nf4 Qh1+ 34. Kf2 Rh2+ 35.
Ng2 Rxg2+ 36. Qxg2 Qxg2+ 37. Kxg2 Be8 38. Rh1 Kb7 39. Rh8 Bd7 40. Rf8 Kc6 41.
Rxf7 Nc8 42. Rg7 Na7 43. Rxg6 Nb5 44. Rg3 Be8 45. Kh3 Bh5 46. Kh4 Be2 47. Kg5
Bd3 48. Kf6 Bf5 49. Rf3 Bg4 50. Rf4 Bh3 51. Rh4 Bf5 52. Rh5 Bg4 53. Rg5 Bh3 54.
Rg7 a3 55. bxa3 Nxc3 56. Ra7 Nb5 57. Ra6+ Kd7 58. Be3 Nxa3 59. Rxa5 Nc2 60. Bf2
Nb4 61. Rb5 Nc6 62. Rb7+ 1/2-1/2

[Event "Challenge"]
[Site "http://www.queenalice.com/game.php?id=672996"]
[Date "2009.10.27"]
[Round "-"]
[White "JUANKATE"]
[Black "OnlyJoking"]
[Result "0-1"]
[WhiteElo "2114"]
[BlackElo "1829"]

1. e4 c6 2. f4 e6 3. Nf3 d5 4. e5 g6 5. d4 Bg7 6. Bd3 Nd7 7. Be3 Ne7 8. Nbd2 O-O
9. g4 f6 10. h4 f5 11. Ng5 Nb6 12. h5 h6 13. gxf5 exf5 14. hxg6 Nxg6 15. Qh5
hxg5 16. Qxg6 Qe7 17. Nf3 Qe6 18. Qxg5 Kf7 19. Rh7 Qg6 20. Kf2 Qxh7 21. Rg1 Rg8
22. Nh4 Bh8 23. Qxg8+ Qxg8 24. Rxg8 Kxg8 25. Nxf5 Bxf5 26. Bxf5 Nc4 27. Bc1 Kf7
28. b3 Nb6 29. Bg4 Rg8 30. Kf3 Ke7 31. f5 Nd7 32. Bf4 Nf6 33. exf6+ Bxf6 34. Be5
Rc8 35. Ke3 c5 36. c3 c4 37. Kd2 b5 38. Bf3 Rf8 39. Bf4 Rd8 40. Kc2 Kf8 41. bxc4
bxc4 42. Kb2 Be7 43. Be5 Bd6 44. Bxd6+ Rxd6 45. Bh5 Ke7 46. Bd1 Kf6 47. Bc2 a5
48. a4 Rd8 49. Kc1 Rh8 50. Kb2 Rh2 51. Kc1 Rxc2+ 0-1

[Event "Challenge"]
[Site "http://www.queenalice.com/game.php?id=674537"]
[Date "2009.10.29"]
[Round "-"]
[White "JUANKATE"]
[Black "KLEOJ"]
[Result "1/2-1/2"]
[WhiteElo "2041"]
[BlackElo "2143"]

1. e4 Nc6 2. d4 d5 3. e5 Bf5 4. Ne2 h5 5. Ng3 Bg6 6. h4 e6 7. c3 Be7 8. f4 Bxh4
9. Qf3 Nh6 10. Kd1 Bxg3 11. Qxg3 Nf5 12. Qf2 h4 13. g4 Ng3 14. Qxg3 hxg3 15.
Rxh8+ Kd7 16. Rxd8+ Rxd8 17. Nd2 Rh8 18. Ke2 Rh1 19. b3 Rg1 20. Bb2 g2 21. g5
gxf1=Q+ 22. Rxf1 Rg2+ 23. Ke1 Ne7 24. Rf2 Rg1+ 25. Rf1 Rg4 26. Bc1 Bf5 27. Rf2
Rg3 28. Rf3 Rg1+ 29. Rf1 Rg4 30. Ke2 Ng6 31. Ke3 Rg3+ 32. Rf3 Rg1 33. Rf1 Rg4
34. Rf2 Nh4 35. Nf1 Ng6 36. Ke2 Be4 37. Be3 Nh4 38. Rh2 Nf5 39. Nd2 Rg3 40. Nf1
Rg4 41. Nd2 Bg2 42. a3 Ng3+ 43. Kf2 Be4 44. Nxe4 Nxe4+ 45. Ke2 Nxc3+ 46. Kf3 Nd1
47. Kxg4 1/2-1/2

[Event "Challenge"]
[Site "http://www.queenalice.com/game.php?id=676847"]
[Date "2009.11.3"]
[Round "-"]
[White "RichardB"]
[Black "JUANKATE"]
[Result "1/2-1/2"]
[WhiteElo "2099"]
[BlackElo "2061"]

1. e4 e5 2. Nf3 Nc6 3. Bb5 a6 4. Ba4 b5 5. Bb3 Nf6 6. d3 Bc5 7. O-O O-O 8. Bg5
h6 9. Bh4 d6 10. Nc3 Be6 11. Qd2 Bxb3 12. axb3 Bb4 13. h3 Nd4 14. Rac1 Kh7 15.
Qe3 Bc5 16. Qd2 Nxf3+ 17. gxf3 Nxe4 18. Nxe4 Qxh4 19. Kh2 Bb6 20. Rg1 f5 21. Ng3
Qd4 22. Rg2 e4 23. fxe4 fxe4 1/2-1/2

[Event "Challenge #13"]
[Site "http://www.queenalice.com/game.php?id=678360"]
[Date "2009.11.5"]
[Round "-"]
[White "Aylton"]
[Black "JUANKATE"]
[Result "0-1"]
[WhiteElo "2041"]
[BlackElo "2045"]

1. d4 d5 2. Nf3 Bf5 3. e3 e6 4. a3 Nf6 5. c4 c6 6. Nc3 Be7 7. Bd3 Ne4 8. Bxe4
dxe4 9. Nd2 Nd7 10. Ndxe4 c5 11. Ng3 Bg6 12. O-O O-O 13. dxc5 Nxc5 14. b4 Nd3
15. Qb3 a5 16. c5 axb4 17. Nce2 Nxc5 18. Qxb4 Ra4 19. Qb5 Bd3 20. Qb2 Bf6 21.
Nc3 Rc4 22. Bd2 Bxf1 23. Kxf1 Qd3+ 24. Nge2 Na4 25. Nxa4 Bxb2 26. Nxb2 Qxd2 27.
Nxc4 Qd5 28. Nb2 Qe5 29. Rb1 Qxh2 30. Nd1 Rd8 31. Ndc3 Qc7 32. a4 Rd2 33. Ke1
Rc2 34. Rb3 Qc4 35. Rxb7 g6 36. Rb8+ Kg7 37. Rb1 Rxc3 38. Nxc3 Qxc3+ 39. Kd1
Qd3+ 40. Kc1 Qf1+ 41. Kd2 Qxb1 0-1

[Event "Challenge #14"]
[Site "http://www.queenalice.com/game.php?id=678361"]
[Date "2009.11.5"]
[Round "-"]
[White "JUANKATE"]
[Black "Aylton"]
[Result "0-1"]
[WhiteElo "2060"]
[BlackElo "1993"]

1. e4 e6 2. d4 d5 3. Nd2 Nf6 4. e5 Nfd7 5. f4 c5 6. Ngf3 Nc6 7. Bb5 Qc7 8. O-O
a6 9. Bxc6 Qxc6 10. c3 Be7 11. Nb3 c4 12. Na5 Qc7 0-1

[Event "Challenge"]
[Site "http://www.queenalice.com/game.php?id=679384"]
[Date "2009.11.7"]
[Round "-"]
[White "JUANKATE"]
[Black "manucies"]
[Result "1-0"]
[WhiteElo "2085"]
[BlackElo "1646"]

1. b4 Nf6 2. Bb2 g6 3. e3 Bg7 4. Bc4 e6 5. Nf3 d5 6. Bb3 O-O 7. O-O Nc6 8. d4
Nxb4 9. Ba3 Qd6 10. c3 Ng4 11. Bxb4 c5 12. Bxc5 Qc6 13. Bxf8 Bxf8 14. c4 b6 15.
Ba4 Qc7 16. Nbd2 Bb7 17. h3 Nf6 18. Ne5 dxc4 19. Ndxc4 Ba6 20. Rc1 b5 21. Qf3
Nd5 22. Nd2 Bc5 23. Rxc5 Qxe5 24. dxe5 bxa4 25. Ne4 Bxf1 26. Nf6+ 1-0

[Event "Challenge"]
[Site "http://www.queenalice.com/game.php?id=719354"]
[Date "2010.1.24"]
[Round "-"]
[White "JDZ"]
[Black "JUANKATE"]
[Result "1/2-1/2"]
[WhiteElo "2366"]
[BlackElo "2063"]

1. e4 e6 2. d4 d5 3. e5 c5 4. c3 Qb6 5. Nf3 Nc6 6. a3 cxd4 7. cxd4 Nge7 8. b4
Nf5 9. Bb2 a5 10. b5 a4 11. g4 Nh6 12. Nc3 Nxg4 13. h3 Ncxe5 14. Nxe5 Nxe5 15.
dxe5 Bc5 16. Qc2 Bd7 17. Rc1 Bd4 18. Nd1 Rc8 19. Qd2 Rxc1 20. Bxd4 Qc7 21. Bd3
O-O 22. Bc3 Rc8 23. Qxc1 d4 24. f4 dxc3 25. Rh2 Qa5 26. Rc2 Bxb5 27. Bxb5 Qxb5
28. Rxc3 Rxc3 29. Qxc3 g6 30. Nf2 Kg7 31. Kd2 Qf1 32. Ke3 b5 33. Kf3 h5 34. h4
Qb1 35. Kg2 Kh6 36. Nd3 Qd1 37. Kf2 Qg4 38. Ke3 Qxh4 39. Qc5 Kg7 40. Qxb5 Qg3+
41. Ke2 Qh2+ 42. Ke3 Qg1+ 43. Ke2 Qh2+ 44. Ke3 Qg1+ 45. Ke2 Qh2+ 1/2-1/2

[Event "Challenge"]
[Site "http://www.queenalice.com/game.php?id=736930"]
[Date "2010.2.24"]
[Round "-"]
[White "JUANKATE"]
[Black "MarcD"]
[Result "0-1"]
[WhiteElo "2075"]
[BlackElo "2191"]

1. e4 c5 2. b4 cxb4 3. a3 bxa3 4. Bxa3 Nc6 5. d4 d6 6. Bc4 Nf6 7. Nc3 Bd7 8.
Nge2 g6 9. f4 Bg7 10. e5 dxe5 11. fxe5 Ng4 12. O-O O-O 13. Nd5 Be6 14. Nef4 Bxd5
15. Bxd5 Ne3 16. Qd3 Nxd5 0-1

[Event "Challenge"]
[Site "http://www.queenalice.com/game.php?id=736931"]
[Date "2010.2.24"]
[Round "-"]
[White "MarcD"]
[Black "JUANKATE"]
[Result "0-1"]
[WhiteElo "2214"]
[BlackElo "2064"]

1. d4 d5 2. Nf3 c6 3. Bf4 Bf5 4. c3 Qb6 5. Qc1 Nf6 6. Nbd2 e6 7. e3 h6 8. Be2
Nbd7 9. h3 g5 10. Be5 Bg7 11. a3 Nxe5 12. Nxe5 Nd7 13. Ndf3 Bxe5 14. Nxe5 Nxe5
15. dxe5 Qc7 16. f4 Rg8 17. g4 Be4 18. Rg1 Qe7 19. Kf1 O-O-O 20. b4 f6 21. exf6
Qxf6 22. Kf2 gxf4 23. exf4 e5 24. Kg3 exf4+ 25. Qxf4 Qxc3+ 26. Kh2 Rgf8 27. Qg3
Qb2 28. Rae1 Rf3 29. Qh4 Qe5+ 30. Rg3 Rf2+ 31. Kg1 Qd4 0-1

[Event "Challenge"]
[Site "http://www.queenalice.com/game.php?id=764898"]
[Date "2010.4.23"]
[Round "-"]
[White "JUANKATE"]
[Black "MarcD"]
[Result "0-1"]
[WhiteElo "2086"]
[BlackElo "2153"]

1. e4 c5 2. b4 cxb4 3. a3 bxa3 4. Bxa3 d5 5. exd5 Qxd5 6. Qf3 Qe5+ 7. Be2 Qxa1
8. Qb3 e6 9. Bxf8 Kxf8 10. Nf3 Ne7 11. O-O Qa5 12. Nc3 Nbc6 13. Nb5 a6 14. Nd6
Qc7 15. Nxf7 Kxf7 16. Ng5+ Ke8 17. Qc3 Qe5 0-1

[Event "Challenge"]
[Site "http://www.queenalice.com/game.php?id=764899"]
[Date "2010.4.23"]
[Round "-"]
[White "MarcD"]
[Black "JUANKATE"]
[Result "1-0"]
[WhiteElo "2164"]
[BlackElo "2073"]

1. d4 d5 2. Nf3 Bg4 3. Bf4 c6 4. e3 Nf6 5. Bd3 e6 6. Nbd2 Qb6 7. Rb1 Ne4 8. Bxe4
dxe4 9. Nxe4 Qa5+ 10. Ned2 Qxa2 11. O-O Bxf3 12. Nxf3 Be7 13. Bxb8 Rxb8 14. Ra1
Qxb2 15. Rxa7 O-O 16. Qb1 Qc3 17. Rxb7 Bd6 18. g3 Rxb7 19. Qxb7 Rb8 20. Qd7 Ba3
21. Ne5 Rf8 22. Qxc6 Rc8 23. Qxc3 Rxc3 24. Ra1 g6 25. Ra2 Bd6 26. Nf3 1-0